Länder, die mit einem Vokal beginnen UND enden - Statistiken

Allgemein
  • Dieses Quiz wurde 979 mal gespielt
  • Das Durchschnittsergebnis liegt bei 8 aus 9
Antwortstatistiken
Länder % Korrekt
Afrika E Eritrea
94%
Afrika U Uganda
94%
Europa A Andorra
91%
Afrika A Angola
89%
Afrika Ä Äquatorialguinea
88%
Europa U Ukraine
85%
Amerika U Uruguay
83%
Amerika A Antigua und Barbuda
82%
Afrika E Elfenbeinküste
70%
Keine übereinstimmenden Quizze gefunden
Verteilung der Resultate
Anzahl Personen mit jedem Resultat
Perzentil nach korrekt beantworteten Fragen
Ihre Resultats-Entwicklung
Sie haben dieses Quiz noch nicht gespielt